Be Quick - Sudden Death - Statistics

General Stats
  • This quiz has been taken 1,605 times
  • The average score is 9 of 16
Answers on the Grid
Answers color-coded by a green-red scale on the quiz's grid according to % correct below.
Alacritous
Blistering
Breakneck
Brisk
Contumelious
Dilatory
Expeditious
Express
Fleet
Hasty
Indolent
Laggard
Languorous
Leaden
Lethargic
Meteoric
Nimble
Perfunctory
Phlegmatic
Plodding
Ponderous
Rapid
Sedate
Soporific
Sprightly
Supersonic
Swift
Torpid
Turbid
Turbo
Vapid
Volant
 
Answer Stats
Answer % Correct
Hasty
73%
Rapid
73%
Swift
71%
Brisk
70%
Express
67%
Turbo
66%
Supersonic
60%
Breakneck
56%
Blistering
51%
Nimble
51%
Expeditious
50%
Fleet
50%
Meteoric
47%
Sprightly
46%
Alacritous
15%
Volant
14%
No matching quizzes found
Score Distribution
Percent of People with Each Score
Percentile by Number Answered
Your Score History
You have not taken this quiz